[Event "AUTO-OPEN-3153"]
[Site "http://www.queenalice.com/game.php?id=1243839"]
[Date "2013.12.30"]
[Round "1"]
[White "prado1981"]
[Black "Zugswang"]
[Result "1-0"]
[WhiteElo "1500"]
[BlackElo "2153"]

1. e4 Nf6 2. e5 Nd5 3. d4 g6 4. c4 Nb6 5. f4 d6 6. Nf3 Bg4 7. Nc3 Bg7 8. Be3 d5
9. c5 Nc8 10. Qb3 b6 11. Qxd5 Qxd5 12. Nxd5 Kd8 13. Ng5 Be6 14. Nxe6+ fxe6 15.
Nb4 a5 16. Nc2 c6 17. Bc4 Kd7 18. cxb6 Nxb6 19. Bd3 Na6 20. O-O Nb4 21. Be4 N6d5
22. Bd2 Rhb8 23. Na3 Rf8 24. Nc4 Rfb8 25. a3 Na6 26. Bxa5 Rb3 27. Bxd5 exd5 28.
Nb6+ Rxb6 29. Bxb6 Rb8 30. Ba5 Rxb2 31. Rf2 Rb3 32. Rc2 Bh6 33. g3 e6 34. Kf2 g5
35. Bd2 g4 36. a4 Rd3 37. Bc3 c5 38. Ke2 c4 39. Rd1 Rf3 40. Rb1 Kc6 41. a5 Kd7
42. Rb6 Nc7 43. a6 Bf8 44. a7 Na8 45. Rb8 Nc7 46. Rxf8 1-0

[Event "AUTO-OPEN-3153"]
[Site "http://www.queenalice.com/game.php?id=1243840"]
[Date "2013.12.30"]
[Round "1"]
[White "Zugswang"]
[Black "prado1981"]
[Result "1/2-1/2"]
[WhiteElo "2164"]
[BlackElo "1500"]

1. e4 Nf6 2. e5 Nd5 3. c4 Nb6 4. d4 d6 5. f4 dxe5 6. fxe5 Bf5 7. Nf3 e6 8. a3
Be7 9. Nc3 c5 10. d5 Qd7 11. Be2 O-O 12. Be3 Na6 13. O-O f6 14. d6 Bd8 15. Qd2
Bg4 16. exf6 Bxf6 17. Ne4 Bxf3 18. Rxf3 Rad8 19. Nxc5 Qxd6 20. Qxd6 Rxd6 21.
Nxa6 bxa6 22. c5 Rc6 23. cxb6 axb6 24. Rb1 Rc2 25. Bxa6 Bxb2 26. Rxf8+ Kxf8 27.
Rf1+ Ke7 28. Bxb6 Rc6 29. Bb5 Rxb6 30. a4 Bd4+ 31. Kh1 e5 32. g4 e4 33. Kg2 e3
34. Rd1 Bc5 35. Rd5 Bb4 36. Re5+ Re6 37. Rxe6+ Kxe6 38. Kf3 Bd2 39. Ke4 h6 40.
h4 g5 41. h5 Kf6 42. Kd5 Ba5 43. Bd3 Be1 44. Kd4 Bd2 45. a5 Bxa5 46. Kxe3 Ke5
47. Bc4 Bb6+ 48. Kf3 Bd4 49. Bd3 Bc5 50. Bh7 Kd4 51. Bg8 Bd6 1/2-1/2

[Event "AUTO-OPEN-3170"]
[Site "http://www.queenalice.com/game.php?id=1249799"]
[Date "2014.1.20"]
[Round "1"]
[White "Aspayne"]
[Black "prado1981"]
[Result "1-0"]
[WhiteElo "2056"]
[BlackElo "1769"]

1. e4 Nf6 2. e5 Nd5 3. d4 d6 4. Nf3 Bg4 5. h3 Bxf3 6. Qxf3 dxe5 7. dxe5 Nc6 8.
e6 fxe6 9. Bb5 Qd6 10. O-O O-O-O 11. Rd1 Qc5 12. Bxc6 Qxc6 13. Na3 e5 14. Bg5 h6
15. c4 hxg5 16. cxd5 Qa4 17. Rac1 Kb8 18. Rc4 Qd7 19. Qb3 Rh4 20. Rxh4 gxh4 21.
Nc4 Qc8 22. Nxe5 Ka8 23. Rd4 e6 24. Nd3 exd5 25. Rxh4 Be7 26. Rd4 Qe6 27. Ra4 c5
28. Qa3 a6 29. Nxc5 Qe1+ 30. Kh2 Bxc5 31. Qxc5 Qe5+ 32. f4 Qxb2 33. Qe7 Rh8 34.
Rb4 Rxh3+ 35. Kxh3 Qc3+ 36. Kh2 b5 37. Qd6 Qc8 38. Rd4 Qh8+ 39. Kg3 Qc8 40.
Qxd5+ Kb8 41. Qd8 Qxd8 42. Rxd8+ Kc7 43. Rg8 a5 44. Rxg7+ Kc6 45. f5 1-0

[Event "AUTO-OPEN-3170"]
[Site "http://www.queenalice.com/game.php?id=1249800"]
[Date "2014.1.20"]
[Round "1"]
[White "prado1981"]
[Black "Aspayne"]
[Result "1-0"]
[WhiteElo "1671"]
[BlackElo "2056"]

1. d4 Nf6 2. c4 e5 3. dxe5 Ng4 4. e4 Nxe5 5. f4 Nec6 6. Nf3 Bc5 7. Nc3 d6 8. Na4
Bb4+ 9. Bd2 Bxd2+ 10. Qxd2 O-O 11. Bd3 Nd7 12. O-O b6 13. Rad1 Bb7 14. Nc3 Nb4
15. Bb1 Nf6 16. a3 Nc6 17. Nd5 Na5 18. Qd3 g6 19. b4 Nc6 20. Ng5 a5 21. Nxf6+
Qxf6 22. Qh3 Qg7 23. b5 Bc8 24. Qh4 h6 25. bxc6 hxg5 26. Qxg5 a4 27. Qe7 f6 28.
Qxg7+ Kxg7 29. h3 Ra5 30. Rd5 Ra8 31. f5 gxf5 32. exf5 Re8 33. Kf2 Ba6 34. Bd3
Re7 35. Re1 Rae8 36. Rxe7+ Rxe7 37. Rd4 Re5 38. Bc2 b5 39. cxb5 Bxb5 40. Bxa4
Rxf5+ 41. Ke3 Bxa4 42. Rxa4 Rc5 43. Ra7 Rxc6 44. a4 Kg6 45. a5 Rc2 46. g3 Rc3+
47. Kf4 d5 48. a6 Rc4+ 49. Kf3 c5 50. Ra8 d4 51. a7 1-0

[Event "AUTO-OPEN-3170"]
[Site "http://www.queenalice.com/game.php?id=1249823"]
[Date "2014.1.20"]
[Round "1"]
[White "MarTraM"]
[Black "prado1981"]
[Result "1-0"]
[WhiteElo "2403"]
[BlackElo "1852"]

1. d4 Nf6 2. c4 g6 3. Nf3 Bg7 4. Nc3 d6 5. Bg5 Nbd7 6. e4 e5 7. d5 O-O 8. Be2 a5
9. O-O Nc5 10. Nd2 Qd7 11. h3 h6 12. Be3 Ne8 13. Bxc5 dxc5 14. Nb3 b6 15. Qd3 f5
16. Nd2 Nd6 17. Rfe1 f4 18. Bg4 Qe7 19. Bxc8 Raxc8 20. Nb5 h5 21. Na7 Rce8 22.
Nc6 Qf6 23. Rac1 g5 24. f3 Nf7 25. Nb1 Nd8 26. Na7 Nf7 27. Nb5 Re7 28. N1c3 Nh6
29. d6 cxd6 30. Nd5 Qf7 31. Nxe7+ Qxe7 32. Qxd6 Qe8 33. Qxb6 g4 34. Red1 gxf3
35. gxf3 Qc8 36. Kh2 Kh7 37. Qa7 Rf6 38. Rd7 Rg6 39. Rg1 Rxg1 40. Kxg1 Qf8 41.
Nc7 1-0

[Event "AUTO-OPEN-3170"]
[Site "http://www.queenalice.com/game.php?id=1249824"]
[Date "2014.1.20"]
[Round "1"]
[White "prado1981"]
[Black "MarTraM"]
[Result "1-0"]
[WhiteElo "1887"]
[BlackElo "2405"]

1. d4 d5 2. c4 c6 3. Nc3 Nf6 4. Nf3 a6 5. a4 e6 6. Bg5 Nbd7 7. e3 h6 8. Bh4 g5
9. Bg3 Nh5 10. Bd3 Nxg3 11. hxg3 Bg7 12. cxd5 cxd5 13. e4 dxe4 14. Nxe4 g4 15.
Nfd2 Bxd4 16. Qxg4 Ne5 17. Qe2 Bxb2 18. Bb5+ axb5 19. Qxb5+ Qd7 20. Nf6+ Ke7 21.
Nxd7 Bxd7 22. Qb4+ Ke8 23. O-O Bxa1 24. Rxa1 Bc6 25. Qc3 Ng6 26. Nc4 Ke7 27.
Qb4+ Kf6 28. Qc3+ Ke7 29. a5 Rhd8 30. Ne3 Rac8 31. Qb4+ Kf6 32. Ng4+ Kg7 33.
Qc3+ e5 34. Qe3 f6 35. Qxh6+ Kf7 36. Qh7+ Ke6 37. Qxg6 Rf8 38. Re1 e4 39. f3
Rcd8 40. fxe4 Kd7 41. Rd1+ Kc8 42. Rxd8+ Rxd8 43. Nxf6 Kb8 44. Qf7 Rd1+ 45. Kh2
Rb1 46. e5 Re1 47. e6 1-0

[Event "AUTO-OPEN-3170"]
[Site "http://www.queenalice.com/game.php?id=1249837"]
[Date "2014.1.20"]
[Round "1"]
[White "Danado"]
[Black "prado1981"]
[Result "0-1"]
[WhiteElo "1700"]
[BlackElo "1500"]

1. e4 Nf6 2. d3 e5 3. Bg5 h6 4. Bxf6 Qxf6 5. Nf3 Bc5 6. c3 Nc6 7. Nbd2 d6 8. h3
Be6 9. Nb3 Bb6 10. d4 exd4 11. cxd4 Bxb3 12. axb3 Nxd4 13. Nxd4 Bxd4 14. Rc1
Qxf2# 0-1

[Event "AUTO-OPEN-3170"]
[Site "http://www.queenalice.com/game.php?id=1249838"]
[Date "2014.1.20"]
[Round "1"]
[White "prado1981"]
[Black "Danado"]
[Result "1-0"]
[WhiteElo "1600"]
[BlackElo "1698"]

1. e4 e5 2. Nf3 d6 3. Bc4 h6 4. d4 Bg4 5. dxe5 Bxf3 6. Qxf3 f6 7. exd6 Bxd6 8.
Qh5+ Kd7 9. Qf5+ Ke8 10. Qg6+ Kd7 11. Qxg7+ Ne7 12. Qxf6 Kc6 13. Nc3 a6 14. Bd5+
Kb6 15. Be3+ c5 16. e5 Nxd5 17. Nxd5+ Kb5 18. exd6 Qxf6 19. Nxf6 Nc6 20. a4+ Kc4
21. O-O-O Rhf8 22. b3+ Kb4 23. Nd5+ Ka3 24. Bxc5+ Nb4 25. Bxb4+ 1-0

[Event "AUTO-OPEN-3179"]
[Site "http://www.queenalice.com/game.php?id=1253172"]
[Date "2014.2.2"]
[Round "1"]
[White "toomchess"]
[Black "prado1981"]
[Result "1/2-1/2"]
[WhiteElo "2159"]
[BlackElo "1896"]

1. e4 Nf6 2. e5 Nd5 3. d4 d6 4. c4 Nb6 5. Nf3 Bg4 6. exd6 cxd6 7. Be3 e6 8. Nbd2
Nc6 9. Be2 Be7 10. O-O O-O 11. Rc1 Rc8 12. h3 Bf5 13. Qb3 e5 14. d5 Nb8 15. Bxb6
axb6 16. Rfe1 Nd7 17. Qd1 Nc5 18. b4 Nd3 19. Bxd3 Bxd3 20. Rc3 Bg6 21. Qe2 f5
22. Nb3 Bh5 23. g4 fxg4 24. Nh2 Rf4 25. hxg4 Bg6 26. Rec1 Qd7 27. Rf3 Rcf8 28.
Rcc3 e4 29. Rxf4 Rxf4 30. Rg3 Bh4 31. Rg2 Qf7 32. Nd4 h6 33. Ne6 Rf6 34. Qe3 b5
35. c5 dxc5 36. bxc5 Qd7 37. Qb3 Kh8 38. Nf1 Rf3 39. Ne3 Qf7 40. Qb2 Qd7 41. Nf5
Bf6 42. Qd2 Bxf5 43. gxf5 Rxf5 44. Qa5 Rxd5 45. Qa8+ Bd8 46. Rg6 Qe7 47. Qb8
Rd1+ 48. Kg2 Rd5 49. Qg3 Rd7 50. Qe5 Qf7 51. Rxh6+ Kg8 52. Rh3 Rd2 53. Nf4 Bc7
54. Qe6 Qxe6 55. Nxe6 Be5 56. Rb3 Rxa2 57. Ng5 Bd4 58. Nxe4 Rb2 59. Rd3 Rb4 60.
Ra3 Rc4 61. Ra8+ Kh7 62. Rc8 b4 63. Rc7 Be5 64. Nd6 Rc3 65. Rxb7 Rxc5 66. Ne4
Rc4 67. Nd2 Rc2 68. Ne4 Rb2 69. Kf3 Bd4 70. Rd7 Be5 71. Rd5 Bf6 72. Rd7 Kg6 73.
Ke3 b3 74. Rb7 Rb1 75. Nd2 Bg5+ 76. f4 Bxf4+ 77. Kxf4 Rb2 78. Ke3 Kf6 79. Kd3 g5
80. Nxb3 g4 81. Ke3 g3 82. Rb6+ Kg5 83. Rb8 g2 84. Rg8+ Kf6 85. Nd2 Ra2 86. Rxg2
Ke6 87. Rg5 Ra4 88. Nb3 Rh4 89. Nd4+ Kf6 90. Rg3 Kf7 91. Rf3+ Ke8 92. Rf6 Kd7
93. Kd3 Rg4 94. Kc4 Ke7 95. Ra6 Rg5 96. Nf3 Rh5 97. Kd4 Rb5 98. Ne5 Rb1 99. Ng6+
Kd7 100. Nf4 Rd1+ 101. Nd3 Ke7 102. Ke4 Kd7 103. Nc5+ Kc7 104. Ke5 Re1+ 105. Ne4
Kb7 106. Re6 Kc7 107. Kf6 Rd1 108. Nc5 Rc1 109. Na6+ Kd7 110. Re5 Rc6+ 111. Kf7
Rxa6 112. Re7+ Kc6 113. Re6+ Kb5 114. Rxa6 Kxa6 115. Ke6 1/2-1/2

[Event "AUTO-OPEN-3179"]
[Site "http://www.queenalice.com/game.php?id=1253173"]
[Date "2014.2.2"]
[Round "1"]
[White "prado1981"]
[Black "toomchess"]
[Result "0-1"]
[WhiteElo "1887"]
[BlackElo "2120"]

1. e4 e5 2. Nf3 Nc6 3. Bc4 Nf6 4. O-O Bc5 5. c3 O-O 6. d4 Bb6 7. dxe5 Nxe4 8.
Qc2 d5 9. exd6 Nxd6 10. Bd3 h6 11. Bf4 Bg4 12. Nfd2 Qf6 13. Be3 Bxe3 14. fxe3
Qg5 15. e4 Ne5 16. Na3 Qe3+ 17. Kh1 Qxd3 18. Qc1 Nxe4 19. Nxe4 Qxe4 20. Re1 Qd5
21. Qe3 Ng6 22. Qg3 h5 23. Qxc7 Rfe8 24. Rf1 Re2 25. Qg3 Nh4 26. Rf2 Rxf2 27.
Qxf2 Nxg2 28. Kg1 Bh3 29. Nc2 Re8 30. Nd4 Qg5 31. Kh1 Qd5 32. Kg1 Ne3 33. Re1
Qg5+ 34. Qg3 Qxg3+ 35. hxg3 Bd7 36. a3 Nc4 0-1

[Event "AUTO-OPEN-3179"]
[Site "http://www.queenalice.com/game.php?id=1253200"]
[Date "2014.2.2"]
[Round "1"]
[White "prado1981"]
[Black "colognestar"]
[Result "1/2-1/2"]
[WhiteElo "1910"]
[BlackElo "2170"]

1. d4 g6 2. e4 Bg7 3. c4 d6 4. Nf3 e5 5. dxe5 dxe5 6. Qxd8+ Kxd8 7. Bg5+ f6 8.
Bh4 Be6 9. Nc3 c6 10. O-O-O+ Kc7 11. Kb1 Nd7 12. Nd2 h5 13. h3 Ne7 14. Nb3 b6
15. Bg3 a5 16. f4 Bh6 17. fxe5 fxe5 18. Be2 a4 19. Nc1 Bf4 20. Bf2 h4 21. a3 Nf6
22. N1a2 g5 23. Nb4 Ng6 24. Nc2 g4 25. hxg4 Nxg4 26. Bxg4 Bxg4 27. Rd3 Be6 28.
c5 b5 29. Ne3 Bxe3 30. Bxe3 Nf4 31. Rd6 Bc4 32. Bxf4 exf4 33. Rhd1 Rad8 34. Rf6
Rxd1+ 35. Nxd1 Bd3+ 36. Kc1 Bxe4 37. Rf7+ Kd8 38. Rg7 Rh5 39. Nf2 Rxc5+ 40. Kd1
Bf5 41. Rf7 Rd5+ 42. Ke1 c5 43. Rb7 Bd7 44. Rb6 Kc7 45. Rh6 Rg5 46. Rxh4 Rxg2
47. Rxf4 Be6 48. Kd2 Kc6 49. Kc3 Rg3+ 50. Kc2 Kd5 51. Rh4 Rg2 52. Rf4 Ke5 53.
Re4+ Kf5 54. Re2 b4 55. axb4 cxb4 56. Rd2 Bb3+ 57. Kd3 Ke5 58. Ke3 Rg3+ 59. Ke2
Bc4+ 60. Kd1 b3 61. Kc1 Rg1+ 62. Rd1 Rg2 63. Nd3+ Bxd3 64. Rxd3 Ke4 65. Rd8 Rc2+
66. Kb1 Rf2 67. Re8+ Kd3 68. Rd8+ Kc4 69. Rc8+ Kb5 70. Rb8+ Kc6 71. Kc1 Rf1+ 72.
Kd2 Rb1 73. Kc3 Kc7 74. Ra8 Rc1+ 75. Kb4 Rc2 76. Rxa4 Rxb2 77. Ra3 Rb1 78. Rxb3
Rxb3+ 79. Kxb3 1/2-1/2

[Event "AUTO-OPEN-3179"]
[Site "http://www.queenalice.com/game.php?id=1253201"]
[Date "2014.2.2"]
[Round "1"]
[White "colognestar"]
[Black "prado1981"]
[Result "0-1"]
[WhiteElo "2179"]
[BlackElo "1876"]

1. b4 e5 2. Bb2 Bxb4 3. Bxe5 Nf6 4. c4 Nc6 5. Bb2 O-O 6. e3 d6 7. Nf3 Bg4 8. Be2
Re8 9. O-O Ne5 10. Nxe5 Bxe2 11. Qxe2 dxe5 12. Nc3 e4 13. f3 Qd7 14. fxe4 Nxe4
15. Nxe4 Rxe4 16. Qf3 Qe6 17. Qg3 Rg4 18. Qf2 Bd6 19. Rac1 c5 20. Qf3 Rf8 21.
Qxb7 Qh6 22. Kf2 Qxh2 23. Rh1 Qg3+ 24. Ke2 Qxg2+ 25. Qxg2 Rxg2+ 26. Kf3 Rxd2 27.
Bc3 Rxa2 28. Rcg1 g6 29. Rh6 Rh2 0-1

[Event "AUTO-OPEN-3179"]
[Site "http://www.queenalice.com/game.php?id=1253202"]
[Date "2014.2.2"]
[Round "1"]
[White "prado1981"]
[Black "Gera"]
[Result "1-0"]
[WhiteElo "1809"]
[BlackElo "1877"]

1. d4 d5 2. c4 c6 3. Nf3 e6 4. Nc3 Nf6 5. Bg5 Be7 6. e3 Nbd7 7. Bd3 O-O 8. O-O
Re8 9. Qc2 h6 10. Bh4 b6 11. cxd5 cxd5 12. Nb5 Bb7 13. Rac1 a6 14. Nc3 Rc8 15.
Qe2 b5 16. a3 Qa5 17. Ra1 b4 18. axb4 Qxb4 19. Bxa6 Bxa6 20. Rxa6 Rb8 21. Ra2
Qb3 22. Qd1 g5 23. Bg3 Ne4 24. Bxb8 Rxb8 25. Qxb3 Rxb3 26. Nxe4 dxe4 27. Nd2 Rb7
28. Nxe4 f5 29. Nc3 Kf7 30. Rd1 Nb6 31. b3 Bb4 32. Na4 Nd5 33. Rc2 h5 34. Rc6 g4
35. Rb1 h4 36. Nc5 Bxc5 37. dxc5 Rb4 38. Rc8 f4 39. exf4 Nxf4 40. c6 Ne2+ 41.
Kf1 Nd4 42. c7 Rb7 43. Rh8 1-0

[Event "AUTO-OPEN-3179"]
[Site "http://www.queenalice.com/game.php?id=1253203"]
[Date "2014.2.2"]
[Round "1"]
[White "Gera"]
[Black "prado1981"]
[Result "0-1"]
[WhiteElo "1880"]
[BlackElo "1757"]

1. c4 e5 2. Nc3 Nf6 3. Nf3 Nc6 4. e3 d5 5. cxd5 Nxd5 6. Be2 Be7 7. O-O a6 8. a3
O-O 9. b4 Nxc3 10. dxc3 Bg4 11. Qc2 Bf6 12. Bb2 Qe7 13. a4 Rfd8 14. Rfd1 Rd7 15.
Qe4 Bh5 16. b5 Rxd1+ 17. Rxd1 axb5 18. Bxb5 Bg6 19. Qd5 Rd8 20. Qb3 Na5 21.
Rxd8+ Qxd8 22. Qa2 Qd1+ 23. Bf1 Nb3 24. h3 Bd3 25. Nh2 e4 26. g3 Nd2 27. Qa1 Qc2
28. Bxd3 exd3 29. Kg2 Ne4 30. Nf1 Qxf2+ 31. Kh1 d2 32. Qd1 Qe1 0-1

[Event "Challenge"]
[Site "http://www.queenalice.com/game.php?id=1265280"]
[Date "2014.3.15"]
[Round "-"]
[White "Pion1612"]
[Black "prado1981"]
[Result "1-0"]
[WhiteElo "1933"]
[BlackElo "1917"]

1. e4 Nf6 2. d3 e5 3. Nf3 Nc6 4. g3 d5 5. exd5 Qxd5 6. Nc3 Bb4 7. Bd2 Bxc3 8.
Bxc3 Bg4 9. Bg2 Nd4 10. Bxd4 exd4 11. Qe2+ Kf8 12. O-O Re8 13. Qd1 g6 14. h3 Bd7
15. Qd2 Kg7 16. Ng5 Qc5 17. Kh2 h6 18. Ne4 Nxe4 19. Bxe4 Qh5 20. Bg2 Re7 21.
Rae1 Rhe8 22. Rxe7 Rxe7 23. Re1 Rxe1 24. Qxe1 Qb5 25. Qe7 b6 26. Qd8 c5 27. Qc7
a5 28. Bd5 Be8 29. Qe5+ Kg8 30. Qf6 Qxb2 31. Qxg6+ Kf8 32. Qxh6+ Ke7 33. Qd2 Qb5
34. h4 Qd7 35. Qg5+ Kd6 36. h5 f5 37. Bg8 Kc7 38. h6 1-0